000 00521nam a2200205Ia 4500
005 20250326143250.0
008 250326s9999 xx 000 0 und d
020 _a81-261-2296-X
037 _aTextbook
040 _aFMSL
_beng
_cFMSL
041 _aeng
_2eng
084 _aX:8D P5
_qFMSL
100 _aBhalla V K
245 0 _aManagement of ficial services
_cBhalla V K
250 _a2
260 _aDelhi
_bDelhi, Anmol
_c2005
300 _a646p
942 _cTB
_hX:8D P5
999 _c1298836
_d1298836